<?xml version="1.0" encoding="UTF-8"?>
<record
    xmlns:xsi="http://www.w3.org/2001/XMLSchema-instance"
    xsi:schemaLocation="http://www.loc.gov/MARC21/slim http://www.loc.gov/standards/marcxml/schema/MARC21slim.xsd"
    xmlns="http://www.loc.gov/MARC21/slim">

  <leader>00538cam a22001931  4500</leader>
  <controlfield tag="001">af 48003901 </controlfield>
  <controlfield tag="003">DLC</controlfield>
  <controlfield tag="005">20260227110905.0</controlfield>
  <controlfield tag="008">890323s1943    gw            000 0 ger c</controlfield>
  <datafield tag="010" ind1=" " ind2=" ">
    <subfield code="a">af 48003901 </subfield>
  </datafield>
  <datafield tag="035" ind1=" " ind2=" ">
    <subfield code="a">(OCoLC)19419218</subfield>
  </datafield>
  <datafield tag="040" ind1=" " ind2=" ">
    <subfield code="a">California. Univ. Libr.</subfield>
    <subfield code="c">CU</subfield>
    <subfield code="d">DLC</subfield>
  </datafield>
  <datafield tag="042" ind1=" " ind2=" ">
    <subfield code="a">premarc</subfield>
  </datafield>
  <datafield tag="050" ind1="0" ind2="0">
    <subfield code="a">PT2603.E18</subfield>
    <subfield code="b">U4</subfield>
  </datafield>
  <datafield tag="100" ind1="1" ind2=" ">
    <subfield code="a">Becker, Herbert,</subfield>
    <subfield code="d">1903-</subfield>
  </datafield>
  <datafield tag="245" ind1="1" ind2="0">
    <subfield code="a">&#xDC;ber uns die Sterne,</subfield>
    <subfield code="b">Schauspiel in 3 Akten.</subfield>
  </datafield>
  <datafield tag="260" ind1=" " ind2=" ">
    <subfield code="a">Berlin-Charlottenburg,</subfield>
    <subfield code="b">G. Kiepenheuer</subfield>
    <subfield code="c">[c1943]</subfield>
  </datafield>
  <datafield tag="300" ind1=" " ind2=" ">
    <subfield code="a">110 p.</subfield>
    <subfield code="c">21 cm.</subfield>
  </datafield>
  <datafield tag="999" ind1=" " ind2=" ">
    <subfield code="c">5818</subfield>
    <subfield code="d">5818</subfield>
  </datafield>
</record>
